000 00361nam a2200157Ia 4500
003 OSt
005 20240209125752.0
008 170524s9999 xx 000 0 und d
020 _a978-1259027741
040 _cIIMT UNIVERSITY
100 _aGHILLYER ANDREW
100 _c2012
245 0 _aMANAGEMENT A REAL WORLD APPROACH
260 _aTMH
942 _2ddc
_c01
999 _c2770
_d2770